000 00482nam a22001577a 4500
999 _c534644
_d534644
020 _qHard Cover.
082 _a660
100 _aMehmood, Tariq
245 _aSynthesis of polymeric Membrenes of Oil water Separation /
_cTariq Mehmood.
260 _aIslamabad:
_bSCME - NUST,
_c2015.
300 _a63 p. :
_bill. ;
_c30cm.
942 _2ddc
_cTHE
650 _aMSCE - MS-Thesis.
_928930
700 _aDr. Arshad Hussain
_916435